|
|
|
|
| LEADER |
00000nam0a2200000 4500 |
| 001 |
211840 |
| 005 |
20231031192733.0 |
| 035 |
|
|
|a (RuTPU)RU\TPU\book\231435
|
| 090 |
|
|
|a 211840
|
| 100 |
|
|
|a 20120320d1976 m y0rusy50 ca
|
| 101 |
0 |
|
|a rus
|
| 102 |
|
|
|a RU
|
| 105 |
|
|
|a a z 001zy
|
| 200 |
1 |
|
|a Система железо-углерод
|e курс лекций
|f Л. А. Шишко
|g Московский государственный институт стали и сплавов (МИСиС) ; под ред. Б. Г. Лившица
|
| 210 |
|
|
|a Москва
|d 1976
|
| 215 |
|
|
|a 126 с.
|c ил.
|
| 320 |
|
|
|a Библиогр.: с. 124.
|
| 610 |
1 |
|
|a железо-углерод
|
| 610 |
1 |
|
|a системы
|
| 610 |
1 |
|
|a лекции
|
| 610 |
1 |
|
|a сплавы
|
| 610 |
1 |
|
|a характеристика
|
| 610 |
1 |
|
|a диаграммы
|
| 610 |
1 |
|
|a фазовое равновесие
|
| 610 |
1 |
|
|a кристаллизация
|
| 675 |
|
|
|a 669
|v 3
|
| 700 |
|
1 |
|a Шишко
|b Л. А.
|
| 702 |
|
1 |
|a Лившиц
|b Б. Г.
|4 340
|
| 712 |
0 |
2 |
|a Московский государственный институт стали и сплавов (МИСиС)
|c (1962-2008)
|2 stltpush
|3 (RuTPU)RU\TPU\col\180
|
| 801 |
|
1 |
|a RU
|b 63413507
|c 20120320
|
| 801 |
|
2 |
|a RU
|b 63413507
|c 20121205
|g RCR
|
| 942 |
|
|
|c BK
|